A text book of Engineering Physics (Record no. 1189)

MARC details
000 -LEADER
fixed length control field 00470nam a22001817a 4500
005 - DATE AND TIME OF LATEST TRANSACTION
control field 20210913140300.0
008 - FIXED-LENGTH DATA ELEMENTS--GENERAL INFORMATION
fixed length control field 160520b xxu||||| |||| 00| 0 eng d
020 ## - INTERNATIONAL STANDARD BOOK NUMBER
ISBN 81-218-0817-5
041 ## - LANGUAGE CODE
Language code of text/sound track or separate title eng
082 ## - DEWEY DECIMAL CLASSIFICATION NUMBER
Item number 530.2462
100 ## - MAIN ENTRY--AUTHOR NAME
Personal name Auadhanulu M N , Kshirsagar P G and others
245 ## - TITLE STATEMENT
Title A text book of Engineering Physics
250 ## - EDITION STATEMENT
Edition statement 11e
260 ## - PUBLICATION, DISTRIBUTION, ETC. (IMPRINT)
Place of publication New Delhi
Name of publisher Sultan Chand & Sons.
Year of publication 2019
300 ## - PHYSICAL DESCRIPTION
Number of Pages 1412
650 ## - SUBJECT ADDED ENTRY--TOPICAL TERM
Topical Term B.Tech
942 ## - ADDED ENTRY ELEMENTS (KOHA)
Koha item type Books
Holdings
Lost status Damaged status Home library Date acquired Cost, normal purchase price Full call number Accession Number Koha item type Collection code Current library Shelving location Source of acquisition
    JRU Library 20/05/2016 495.00 3464 3464 Books        
    JRU Library 20/05/2016 495.00 3464 3465 Books CS/IT JRU Library SHELF-56-B  
Lost   JRU Library 20/05/2016 495.00 3464 3466 Books   JRU Library    
    JRU Library 20/05/2016 495.00 3464 3467 Books CS/IT JRU Library SHELF-56-B  
    JRU Library 20/05/2016 495.00 3464 3468 Books CS/IT JRU Library SHELF-56-B PURCHASE
    JRU Library 20/05/2016 495.00 3464 3469 Books CS/IT JRU Library SHELF-56-B  
    JRU Library 20/05/2016 495.00 3464 3470 Books CS/IT JRU Library SHELF-56-B  
    JRU Library 20/05/2016 495.00 3464 3471 Books CS/IT JRU Library SHELF-56-B PURCHASE
    JRU Library 20/05/2016 495.00 3464 3472 Books CS/IT JRU Library SHELF-56-B  
    JRU Library 20/05/2016 495.00 3464 3473 Books CS/IT JRU Library SHELF-56-B  
    JRU Library 20/05/2016 495.00 3464 3474 Books CS/IT JRU Library SHELF-56-B  
    JRU Library 30/03/2019 650.00 530.2462 23039 Books CS/IT JRU Library SHELF-56-C Purchase
    JRU Library 30/03/2019 650.00 530.2462 23040 Books CS/IT JRU Library SHELF-56-B Purchase
    JRU Library 30/03/2019 650.00 530.2462 23041 Books CS/IT JRU Library SHELF-56-C Purchase
    JRU Library 30/03/2019 650.00 530.2462 23042 Books CS/IT JRU Library SHELF-56-B Purchase
    JRU Library 30/03/2019 650.00 530.2462 23043 Books CS/IT JRU Library SHELF-56-B Purchase
    JRU Library 30/03/2019 650.00 530.2462 23044 Books CS/IT JRU Library SHELF-56-B Purchase